000 00829nam a22002177a 4500
999 _c121184
_d121184
001 K121184
008 160218b2020 xxu||||| |||| 00| 0 eng d
041 _aeng
110 _aDEFRA
245 _aEnabling a natural capital approach (ENCA)
260 _aLondon
_bDEFRA
_c2020
520 _aProvides guidance for policy and decision makers when considering the value of a natural capital approach. Includes guidance, assessment template, services and assets data books, toolkit and case studies and additional resources.
650 _aNatural resources
650 _aBiodiversity
650 _aEcosystems
650 _aEconomics
651 _aUnited Kingdom 1973
690 _96238
_aEnvironment
856 _uhttps://www.gov.uk/guidance/enabling-a-natural-capital-approach-enca
_zView at www.gov.uk
942 _n0